Závislosť a rozvoj Latinskej Ameriky

Podrobná bibliografia
Hlavní autori: Cardoso, Fernando Henrique, 1931- (Autor), Faletto, Enzo, 1935-2003 (Autor)
Ďalší autori: Cigáň, Milan (Prekladateľ)
Médium: Kniha
Jazyk:slovenčina
portugalčina
Fyzický popis:129 s. fotogr. 21 cm
Vydavateľské údaje: Bratislava Perfekt 2002
ISBN:808046202X
Vydanie:1. slov. vyd.
Predmet:

MARC

LEADER 00000cam a2200000 a 4500
001 vtls008975086
003 SK-MaSNL
005 20260301023107.0
008 240314s2002 xo o d 000 0 slo
020 |a 808046202X  |q (brož.) 
035 |a KURUK013896 
040 |a SNK  |b slo  |c SNK  |e AACR2 
041 1 |a slo  |h por 
043 |a cl---- 
044 |a xo  |c SK 
072 7 |a 316.4  |x Sociálne procesy  |2 konspekt 
080 |a (72+8)  |2 2001 
080 |a (048.8)  |2 2001 
080 |a 316.42  |2 2001 
080 |a 316.34  |2 2001 
080 |a 330.35  |2 2001 
080 |a 338  |2 2001 
080 |a 308  |2 2001 
080 |a 328/329  |2 2001 
080 |a 339.9  |2 2001 
080 |a 330.341.424  |2 2001 
100 1 |a Cardoso, Fernando Henrique,  |d 1931-  |4 aut  |9 302326 
240 1 0 |a Dependencia e desenvolvimento an América Latina  |l Slovensky 
245 1 0 |a Závislosť a rozvoj Latinskej Ameriky  |c Fernando Henrique Cardoso, Enzo Faletto ; [z brazílskeho originálu preložil Milan Cigáň] 
250 |a 1. slov. vyd. 
260 |a Bratislava  |b Perfekt  |c 2002 
300 |a 129 s.  |b fotogr.  |c 21 cm 
504 |a Pozn. 
648 7 |a 20. stor.  |2 SNKPH  |9 275975 
650 0 7 |a sociálna zmena  |2 SNKPH  |9 3614 
650 0 7 |a sociálna stratifikácia  |2 SNKPH  |9 4871 
650 0 7 |a industrializácia  |2 SNKPH  |9 2289 
650 0 7 |a ekonomický rast  |2 SNKPH  |9 2146 
651 7 |a Latinská Amerika  |2 SNKPH  |9 31844 
655 7 |a štúdie  |2 SNKPH  |9 57033 
700 1 |a Faletto, Enzo,  |d 1935-2003  |4 aut  |9 314860 
700 1 |a Cigáň, Milan  |4 trl  |9 314861 
919 |a 80-8046-202-X 
958 |a OND 
999 |c 568515  |d 570445 
952 |a SNK  |b SNK  |y PREZ  |7 0  |p 17A0622309  |o snkSC 135780  |i snk2009/9409  |8 1  |0 0  |1 0  |4 0  |d 2009-05-27  |l 0  |r 2025-07-02 00:00:00  |w 2026-02-23